Dr. S. R. Lasker Library Online Catalogue

Home      Library Home      Institutional Repository      E-Resources      MyAthens      EWU Home

Comprehensive bibliography on agriculture and rural development / (Record no. 1318)

MARC details
000 -LEADER
fixed length control field 01664cam a2200385 a 4500
001 - CONTROL NUMBER
control field 1318
003 - CONTROL NUMBER IDENTIFIER
control field BD-DhEWU
005 - DATE AND TIME OF LATEST TRANSACTION
control field 20180419132944.0
008 - FIXED-LENGTH DATA ELEMENTS--GENERAL INFORMATION
fixed length control field 950309s1994 bg g b 001 0 eng
020 ## - INTERNATIONAL STANDARD BOOK NUMBER
International Standard Book Number 9840512552
025 ## - OVERSEAS ACQUISITION NUMBER
Overseas acquisition number B-E-8301
035 ## - SYSTEM CONTROL NUMBER
System control number (OCoLC) 32200868
040 ## - CATALOGING SOURCE
Original cataloging agency DLC
Transcribing agency DLC
Language of cataloging eng
Modifying agency BD-DhEWU
041 ## - LANGUAGE CODE
Language code of text/sound track or separate title eng
050 00 - LIBRARY OF CONGRESS CALL NUMBER
Classification number Z5075.B3
Item number S53 1994
Classification number S471.B33
082 00 - DEWEY DECIMAL CLASSIFICATION NUMBER
Classification number 016.63343076
Edition number 22
Item number ALC 1994
100 2# - MAIN ENTRY--PERSONAL NAME
Personal name Shawkat Ali, A. M. M.
9 (RLIN) 12995
245 10 - TITLE STATEMENT
Title Comprehensive bibliography on agriculture and rural development /
Statement of responsibility, etc A.M.M. Shawkat Ali, Mujibur Rahman Khan.
260 ## - PUBLICATION, DISTRIBUTION, ETC. (IMPRINT)
Place of publication, distribution, etc Dhaka, Bangladesh :
Name of publisher, distributor, etc University Press,
Date of publication, distribution, etc 1994.
300 ## - PHYSICAL DESCRIPTION
Extent iv, 497 p. ;
Dimensions 25 cm.
500 ## - GENERAL NOTE
General note Includes indexes.
General note Online version:<br/>Shawkat Ali, A. M. M.<br/>Comprehensive bibliography on agriculture and rural development.<br/>Dhaka, Bangladesh : University Press, 1994<br/>(OCoLC)606030407<br/>Online version:<br/>Shawkat Ali, A. M. M.<br/>Comprehensive bibliography on agriculture and rural development.<br/>Dhaka, Bangladesh : University Press, 1994<br/>(OCoLC)629840491
520 ## - SUMMARY, ETC.
Summary, etc Chiefly with reference to Bangladesh.
526 ## - STUDY PROGRAM INFORMATION NOTE
Program name Library
590 ## - LOCAL NOTE (RLIN)
Local note Shaharima Parvin
650 #0 - SUBJECT ADDED ENTRY--TOPICAL TERM
Topical term or geographic name as entry element Agriculture
Geographic subdivision Bangladesh
General subdivision Bibliography.
9 (RLIN) 15177
Topical term or geographic name as entry element Rural development
Geographic subdivision Bangladesh
General subdivision Bibliography.
9 (RLIN) 15178
651 #0 - SUBJECT ADDED ENTRY--GEOGRAPHIC NAME
Geographic name Bangladesh
General subdivision Imprints.
9 (RLIN) 15179
700 1# - ADDED ENTRY--PERSONAL NAME
Personal name Khan, Mujibur Rahman.
9 (RLIN) 15180
856 42 - ELECTRONIC LOCATION AND ACCESS
Materials specified WorldCat details
Uniform Resource Identifier https://www.worldcat.org/title/comprehensive-bibliography-on-agriculture-and-rural-development/oclc/32200868&referer=brief_results
942 ## - ADDED ENTRY ELEMENTS (KOHA)
Source of classification or shelving scheme Dewey Decimal Classification
Koha item type Text
Holdings
Withdrawn status Lost status Source of classification or shelving scheme Damaged status Not for loan Collection code Home library Current library Shelving location Date acquired Source of acquisition Total Checkouts Full call number Barcode Koha item type
    Dewey Decimal Classification   Not For Loan Non-fiction Dr. S. R. Lasker Library, EWU Dr. S. R. Lasker Library, EWU Reserve Section 18/06/1997 Other   016.63343076 ALC 1994 1052 Text